书目信息 |
| 题名: |
古代语言学简史
|
|
| 作者: | 王远新 著 | |
| 分册: | ||
| 出版信息: | 北京 中央民族大学出版社 2006.07 |
|
| 页数: | 273页 | |
| 开本: | 21cm | |
| 丛书名: | ||
| 单 册: | ||
| 中图分类: | H0-09 | |
| 科图分类: | ||
| 主题词: | 语言学史--yu yan xue shi--古代 | |
| 电子资源: | ||
| ISBN: | 7-81108-220-9 | |
| 000 | 00784nam0 2200229 450 | |
| 001 | 012007730485 | |
| 005 | 20070521094223.03 | |
| 010 | @a7-81108-220-9@dCNY18.00 | |
| 100 | @a20070313d2006 km y0chiy0120 ea | |
| 101 | 0 | @achi |
| 102 | @aCN@b110000 | |
| 105 | @ay z 000yy | |
| 200 | 1 | @a古代语言学简史@Agu dai yu yan xue jian shi@f王远新著@Fwang yuan xin zhu |
| 210 | @a北京@c中央民族大学出版社@d2006.07 | |
| 215 | @a273页@d21cm | |
| 300 | @a中央民族大学国家"十五""211工程"建设项目 | |
| 330 | @a本书的内容具有比较广泛的代表性,不仅涉及世界公认的语言学三大发源地即古代中国、古代希腊—罗马、古代印度的语言学历史。 | |
| 606 | 0 | @a语言学史@Ayu yan xue shi@y古代 |
| 690 | @aH0-09@v4 | |
| 701 | 0 | @a王远新@Awang yuan xin@4著 |
| 801 | 0 | @aCN@c20070521 |
| 905 | @a10447@dH0-09@eW447 | |
| 古代语言学简史/王远新著.-北京:中央民族大学出版社,2006.07 |
| 273页;21cm |
| 中央民族大学国家"十五""211工程"建设项目 |
| ISBN 7-81108-220-9:CNY18.00 |
| 本书的内容具有比较广泛的代表性,不仅涉及世界公认的语言学三大发源地即古代中国、古代希腊—罗马、古代印度的语言学历史。 |
| ● |
| 相关链接 |
|
|
|
正题名:古代语言学简史
索取号:H0-09/W447
 
预约/预借
| 序号 | 登录号 | 条形码 | 馆藏地/架位号 | 状态 | 备注 |
| 1 | 237072 | 202370727 | 语言库209/209语言库 62排2列2层/ [索取号:H0-09/W447] | 在馆 | |
| 2 | 237073 | 202370736 | 社科二线400B/400B社科库 25排3列1层/ [索取号:H0-09/W447] | 在馆 | |
| 3 | 237074 | 202370745 | 语言库209/209语言库 62排2列2层/ [索取号:H0-09/W447] | 在馆 |